La monarquía visigoda, según el Fuero Juzgo / (Record no. 49045)

MARC details
000 -LEADER
campo de control de longitud fija 00842nam a2200229 i 4500
001 - NÚMERO DE CONTROL
campo de control 49045
003 - IDENTIFICADOR DE NÚMERO DE CONTROL
campo de control ES-MaACL
005 - FECHA Y HORA DE LA ÚLTIMA TRANSACCIÓN
campo de control 20240228155326.0
007 - CAMPO FIJO DE DESCRIPCIÓN FÍSICA--INFORMACIÓN GENERAL
campo de control de longitud fija t|
008 - DATOS DE LONGITUD FIJA--INFORMACIÓN GENERAL
campo de control de longitud fija 030707s1860 sp ||||1| spa d
080 ## - NÚMERO DE LA CLASIFICACIÓN DECIMAL UNIVERSAL
Número de la Clasificación Decimal Universal 94(460)"0414/0711"
100 1# - ENTRADA PRINCIPAL--NOMBRE DE PERSONA
Nombre de persona Corradi Gómez, Fernando,
Fechas asociadas al nombre 1808-1885
9 (RLIN) 40700
245 13 - MENCIÓN DEL TÍTULO
Título La monarquía visigoda, según el Fuero Juzgo /
Mención de responsabilidad, etc. por Don Fernando Corradi.
260 ## - PUBLICACIÓN, DISTRIBUCIÓN, ETC.
Lugar de publicación, distribución, etc. Madrid :
Nombre del editor, distribuidor, etc. [s.n.],
Fecha de publicación, distribución, etc. 1860 (
Fabricante Imp. de El Clamor Público)
300 ## - DESCRIPCIÓN FÍSICA
Extensión 119 p. ;
Dimensiones 21 cm.
530 ## - NOTA DISPONIBLE DE FORMULARIO FÍSICO ADICIONAL
Nota de formato físico adicional disponible Disponible en formato digital.
630 04 - PUNTO DE ACCESO ADICIONAL DE MATERIA--TÍTULO UNIFORME
Título uniforme Fuero Juzgo.
9 (RLIN) 121670
651 #7 - PUNTO DE ACCESO ADICIONAL DE MATERIA--NOMBRE GEOGRÁFICO
Nombre geográfico España-
Subdivisión general Historia-
Subdivisión cronológica 0414-0711, Época visigoda
Fuente del encabezamiento o término
9 (RLIN) 162046
852 4# - LOCALIZACIÓN
Ubicación ES-MaACL
Número de control de estantería T-69-F-6
856 4# - LOCALIZACIÓN Y ACCESO ELECTRÓNICOS
Identificador Uniforme de Recursos <a href="https://bibliotecadigital.jcyl.es/es/consulta/registro.do?id=17225">https://bibliotecadigital.jcyl.es/es/consulta/registro.do?id=17225</a>
Nota pública Biblioteca Digital de Castilla y León
Holdings
Estatus retirado Estado de pérdida Estado de daño No para préstamo Colección Biblioteca de origen Biblioteca actual Ubicación en estantería Fecha de adquisición Fuente de adquisición Total de préstamos Signatura topográfica completa Código de barras Visto por última vez Precio de reemplazo Tipo de ítem Koha
        Colección de folletos Biblioteca del Ateneo de Madrid Biblioteca del Ateneo de Madrid Depósito folletos 17/01/2008     T-69-F-6 1051615 23/02/2023 23/02/2023 Folleto